Stray musings. (Record no. 89051)

MARC details
000 -LEADER
fixed length control field 00485nam a22001931 4500
001 - CONTROL NUMBER
control field sa 68019756
003 - CONTROL NUMBER IDENTIFIER
control field DLC
005 - DATE AND TIME OF LATEST TRANSACTION
control field 20260227112719.0
008 - FIXED-LENGTH DATA ELEMENTS--GENERAL INFORMATION
fixed length control field 851008s1968 ii 00000 eng
010 ## - LIBRARY OF CONGRESS CONTROL NUMBER
LC control number sa 68019756
020 ## - INTERNATIONAL STANDARD BOOK NUMBER
Terms of availability 5.00
050 0# - LIBRARY OF CONGRESS CALL NUMBER
Classification number AC8
Item number .C4813
082 0# - DEWEY DECIMAL CLASSIFICATION NUMBER
Classification number 915.4/14/03
100 10 - MAIN ENTRY--PERSONAL NAME
Personal name Chatterji, Sudhamoy.
245 10 - TITLE STATEMENT
Title Stray musings.
250 ## - EDITION STATEMENT
Edition statement [1st. ed.]
260 0# - PUBLICATION, DISTRIBUTION, ETC.
Place of publication, distribution, etc. Calcutta,
Name of publisher, distributor, etc. [distributed by Firma K.L. Mukhopadhyay]
Date of publication, distribution, etc. 1968.
300 ## - PHYSICAL DESCRIPTION
Extent 101 p.
Dimensions 19 cm.

No items available.

Powered by Koha